Greek Gods Bunker Quiz Stats

 Plays Quiz not verified by Sporcle

Challenge
Share
Tweet
Score 0/15 Timer 05:00
0 Plays Today
Question Answer % Correct
????
100%
????
97.2%
????
94.6%
????
80.2%
????
59.5%
????
56%
????
33.9%
????
22.9%
Question Answer % Correct
????
19.2%
????
12%
????
9.9%
????
8.4%
????
7.2%
????
5.7%
????
3.5%

You're not logged in!

Compare scores with friends on all Sporcle quizzes.
Join for Free
OR
Log In

You Might Also Like...

Show Comments

Extras

Curator's Pick Oct 23, 2016ReportNominate
Tags:Minefield Quiz, Bunker, gods, Greek

Top Quizzes Today


Score Distribution

Your Account Isn't Verified!

In order to create a playlist on Sporcle, you need to verify the email address you used during registration. Go to your Sporcle Settings to finish the process.

Report this User

Report this user for behavior that violates our Community Guidelines.

Details: